Central Library and Information Centre
Sibsagar Girls' College, Sivasagar : Assam

RAM BIJAY NAT (Record no. 1141)

MARC details
000 -LEADER
fixed length control field 00416cam a2200181ua 4500
008 - FIXED-LENGTH DATA ELEMENTS--GENERAL INFORMATION
fixed length control field 120504n II |||gr||||Z||||||asm
040 ## - CATALOGING SOURCE
Original cataloging agency MAIN
041 ## - LANGUAGE CODE
-- English
082 ## - DEWEY DECIMAL CLASSIFICATION NUMBER
Classification number 891.454 SHA
100 ## - MAIN ENTRY--PERSONAL NAME
Personal name SRIMANTA SHANKARDEV.
245 ## - TITLE STATEMENT
Title RAM BIJAY NAT
260 ## - PUBLICATION, DISTRIBUTION, ETC.
Place of publication, distribution, etc. GUWAHATI
Name of publisher, distributor, etc. DUTTA BARUAH & CO.
300 ## - PHYSICAL DESCRIPTION
Extent 62:
Dimensions 20CM.
700 ## - ADDED ENTRY--PERSONAL NAME
Personal name DUTTABARUAH, H.N.
942 ## - ADDED ENTRY ELEMENTS (KOHA)
Koha item type Books
653 ## - INDEX TERM--UNCONTROLLED
Uncontrolled term Asomiya Natak
Holdings
Withdrawn status Lost status Damaged status Not for loan Collection code Home library Current library Shelving location Date acquired Full call number Barcode Date last seen Copy number Price effective from Koha item type
        REFASM Central Library and Information Centre Sibsagar Girls College Central Library and Information Centre Sibsagar Girls College   07.04.1968 891.454 SHA 01245 27.02.2020 1 27.02.2020 Books


Sibsagar Girl's College © 2020. All rights reserved.
Powered by Koha.
Maintained by Abhijit Borpuzari.